Central Library OPAC University of Rajshahi

Industrial development in Communist China / (Record no. 59549)

MARC details
000 -LEADER
fixed length control field 00884nam a2200265 a 4500
001 - CONTROL NUMBER
control field 59549
003 - CONTROL NUMBER IDENTIFIER
rucl marc code BD-RjUL
005 - DATE AND TIME OF LATEST TRANSACTION
control field 20211209080738.0
008 - FIXED-LENGTH DATA ELEMENTS--GENERAL INFORMATION
fixed length control field 161226s1964 nyub b 000 0 eng
035 ## - SYSTEM CONTROL NUMBER
System control number (BD-RjUL)59673
System control number (OCoLC)870096
040 ## - CATALOGING SOURCE
Original cataloging agency DLC
Transcribing agency OWoC
Modifying agency BD-RjUL
Language of cataloging eng
041 ## - LANGUAGE CODE
Language code of text/sound track or separate title eng
082 ## - DEWEY DECIMAL CLASSIFICATION NUMBER
Classification number 338.0951
Edition number 23
Author mark and year IND 1964
245 00 - TITLE STATEMENT
Title Industrial development in Communist China /
Statement of responsibility, etc. edited by Choh-ming Li.
260 ## - PUBLICATION, DISTRIBUTION, ETC. (IMPRINT)
Place of publication, distribution, etc. New York :
Name of publisher, distributor, etc. Frederick A. Praeger,
Date of publication, distribution, etc. c1964.
300 ## - PHYSICAL DESCRIPTION
Pagination 205 p. :
Illustrations ill. ;
Size 21 cm.
504 ## - BIBLIOGRAPHY, ETC. NOTE
Bibliography, etc Includes Bibliographical Reference
650 #0 - SUBJECT ADDED ENTRY--TOPICAL TERM
Topical term or geographic name as entry element Industrialization
Geographic subdivision China.
9 (RLIN) 177122
700 ## - ADDED ENTRY--PERSONAL NAME
Personal name Li, Choh-Ming,
856 ## - ELECTRONIC LOCATION AND ACCESS
Uniform Resource Identifier <a href="Praeger publications in Russian history and world communism,">Praeger publications in Russian history and world communism,</a>
942 ## - ADDED ENTRY ELEMENTS (KOHA)
Source of classification or shelving scheme Dewey Decimal Classification
Koha item type Books
Holdings
Lost status Source of classification or shelving scheme Damaged status Not for loan Collection code Permanent Location Current Location Shelving location Date acquired Source of acquisition Cost, normal purchase price Total Checkouts Full call number Date last seen Copy number Koha item type
  Dewey Decimal Classification   Not For Loan Non-fiction Central Library, University of Rajshahi Central Library, University of Rajshahi Reading Room 18/04/1968 Hefersons 37.80   338.0951 IND 1964 26/12/2016 C-1 Books